Ідея і чин (Запис № 574891)

МАРК-запис
000 -Лідер
fixed length control field 00682nam a22002057a 4500
001 - Контрольний номер
control field 2162214035923969
003 - Ідентифікатор контрольного номера
control field UA-OsUOA
005 - Дата та час останнього входження (трансакції)
control field 20230817152523.0
008 - Елементи даних фіксованої довжини – загальна інформація
fixed length control field 230815b un ||||| |||| 00| 0 ukr d
040 ## - Джерело каталогізації
Агенція оригінальної каталогізації UA-OsUOA
Мова каталогізації ukr
Агенція, яка здійснювала перезапис UA-OsUOA
Агенція, яка здійснювала модифікацію UA-OsUOA
041 ## - Код мови
Код мови тексту/ звукової доріжки чи окремого заголовка (П) ukr
080 ## - Індекс Універсальної десяткової класифікації
Індекс Універсальної десяткової класифікації (УДК) (НП) 09:050
090 ## - Локальний шифр розміщення
Класифікаційний індекс УДК 09:050
245 ## - Відомості про назву
Назва (НП) Ідея і чин
Решта назви (НП) передрук підпільних матеріялів
Номер частини/ розділу роботи (П) №10
260 ## - Публікація, розповсюдження і т.п. (Вихідні дані)
Дата публікації, розповсюдження і т.п. (П) 1946
300 ## - Фізичний опис
Обсяг 108 с.
650 ## - Додаткове предметне введення – тематичний термін
Джерело заголовка чи терміна UDC
Тематичний термін чи географічна назва, як елемент введення (НП) 050 Серіальні видання. Періодика
942 ## - Додаткові елементи входу (Коха)
Source of classification or shelving scheme Universal Decimal Classification
Тип елемента Koha Книги
Фонди
Стан вилучень Стан втрат Джерело класифікації або схеми стелажів Стан уражень Не для кредиту Код колекції Постійне місце розташування Поточне розміщення Дата придбання Джерело придбання Інвентарний номер Усього замовленно Повний номер виклику Штрих-код Дата останнього перегляду Ціна ефективна від Тип елемента Koha Примітка, призначена для загального доступу
    Universal Decimal Classification     Колекція др. Константина Бризгуна (Оксани і Ярослава Соколиків) Наукова бібліотека ІДУД Наукова бібліотека ІДУД 15/08/2023 Акт надходжень №4/02.08.2023 (від Соколиків) 2140563   09:050 2140563 15/08/2023 15/08/2023 Книги Рік V. №10